000 00306nam a22001337a 4500
008 181023b xxu||||| |||| 00| 0 eng d
020 _a9780495912842
041 _aeng
080 _213th
_a371
100 _a46
101 _aEDU
245 _aBecoming a Master Student Concise
_cEllis,D
942 _2udc
_cBK
999 _c50580
_d50580